[Event "Niedersachsen-ch"]
[Site "Verden"]
[Date "2006.01.06"]
[Round "3"]
[White "Torwelle, Marcel"]
[Black "Spiegelberg, Jakob"]
[Result "1-0"]
[WhiteElo "1605"]
[BlackElo "1147"]
[PlyCount "23"]
[EventDate "2006.01.??"]
[EventType "swiss"]
[EventRounds "7"]
[EventCountry "GER"]
[SourceTitle "CBM 110 Extra"]
[Source "ChessBase"]
[SourceDate "2006.03.10"]
[SourceVersion "2"]
[SourceVersionDate "2006.03.10"]
[SourceQuality "1"]

1. Nf3 f5 2. e4 fxe4 3. Ng5 Nf6 4. d3 exd3 5. Bxd3 d6 6. Nc3 Nc6 7. 0-0 Bg4 8. f3 Bh5 9. Ne6 Qd7 10. Bf5 g6 11. Ng7+ Bxg7 12. Bxd7+ 1-0

[Event "Niedersachsen-ch U12"]
[Site "Rotenburg/Wuemme"]
[Date "2005.03.25"]
[Round "9"]
[White "Guennigmann, Manuel"]
[Black "Spiegelberg, Jakob"]
[Result "1-0"]
[WhiteElo "1647"]
[BlackElo "1198"]
[PlyCount "77"]
[EventDate "2005.03.19"]
[EventType "swiss"]
[EventRounds "9"]
[EventCountry "GER"]
[SourceTitle "EXT 2007"]
[Source "ChessBase"]
[SourceDate "2006.11.23"]
[SourceVersion "1"]
[SourceVersionDate "2006.11.23"]
[SourceQuality "1"]

1. e4 d5 2. exd5 Qxd5 3. Nc3 Qa5 4. Bc4 Nf6 5. d3 Nc6 6. Bd2 e5 7. Nd5 Nb4 8. Nxf6+ gxf6 9. a3 Nxd3+ 10. Bxd3 Qd5 11. Qf3 Qxf3 12. Nxf3 Be6 13. 0-0-0 0-0-0 14. Be3 a6 15. Be2 Be7 16. Rxd8+ Rxd8 17. Rd1 e4 18. Rxd8+ Kxd8 19. Nd4 f5 20. Nxe6+ fxe6 21. Bf4 Kd7 22. Bc4 b5 23. Bb3 c5 24. c4 Bf6 25. cxb5 axb5 26. a4 bxa4 27. Bxa4+ Ke7 28. Bb5 Bd4 29. Be3 Kd6 30. Bxd4 cxd4 31. Bc4 d3 32. Kd2 Kc5 33. Bxd3 exd3 34. Kxd3 e5 35. f3 h5 36. g3 Kb4 37. h3 Kc5 38. g4 hxg4 39. hxg4 1-0